| 000 | 00539nam a2200205Ia 4500 | ||
|---|---|---|---|
| 005 | 20250923145402.0 | ||
| 008 | 008 250917s9999 xx 000 0 eng d | ||
| 037 | _aTextual | ||
| 040 |
_aDSWL _beng _cDSWL |
||
| 041 |
_aeng _2eng |
||
| 084 |
_aR, N63 _qDSWL |
||
| 100 |
_aMeenakshiSundharam, T.P. _9834752 |
||
| 245 | 0 |
_aPhilosophy of Tiruvalluvar _c by T.P. MeenakshiSundharam |
|
| 260 | _c1963 | ||
| 300 | _a106 p. | ||
| 365 |
_aINR _b1 . 0 |
||
| 925 | _g1 . 0 | ||
| 942 |
_cTEXL _hR, N63 |
||
| 999 |
_c1450742 _d1450742 |
||